00851nam a2200241 a 450000100060000000300080000600500170001400800410003103500190007204000270009104100080011808200270012610000340015324500570018726000400024430000210028450400510030565100390035665100370039594200120043299900170044495201480046158044BD-RjUL20211209080600.0161215s1955 enk b 001 0 eng d a(BD-RjUL)58168 aDLCbengcDLCdBD-RjUL aeng04a324.0942bBUB 19552231 aButler, David,d1924-910813914aThe British general election of 1955 /cDavid Butler aLondon :bSt Martin's Press,c1955. a236 p. ;c26 cm. aIncludes bibliographical references and index. a Great BritainxParliament9176080 aGreat BritainxElections9176081 2ddccBK c58044d58044 00102ddc40718NFICaRUCLbRUCLcReadingd1967-03-28ePak American comg18.00l0o324.0942 BUB 1955r2016-12-15 00:00:00tC-1w2021-12-09yBK